Statistics for Marseille Scorers in 2010s Champions League

Click here to take the quiz!

General Stats

  • This quiz has been taken 10 times
  • The average score is 7 of 14

Answer Stats

Player Nation Gls % Correct
André AyewGhana6
89%
Jordan AyewGhana1
89%
Florian ThauvinFrance1
78%
Lucho GonzálezArgentina5
67%
André-Pierre GignacFrance3
67%
BrandãoBrazil4
56%
Mamadou NiangSenegal1
56%
Loïc RémyFrance4
44%
Gabriel HeinzeArgentina3
44%
Souleymane DiawaraSenegal2
33%
Mathieu ValbuenaFrance2
33%
Benoît CheyrouFrance1
33%
Vitorino HiltonBrazil1
11%
Fabrice AbrielFrance1
0%

Score Distribution

Percentile by Number Answered

Percent of People with Each Score

Your Score History

You have not taken this quiz